| 000 | 00859nam a22002057a 4500 | ||
|---|---|---|---|
| 999 |
_c19942 _d19942 |
||
| 003 | AR-CdUCM | ||
| 008 | 190523b ||||| |||| 00| 0 spa d | ||
| 040 |
_aMUNICIPALIDAD PROVINCIAL DEL CUSCO _cBIBLIOTECA MUNICIPAL DEL CUSCO |
||
| 082 |
_a338.516 / _bL74 |
||
| 100 |
_aLoyza Delgado, Cesar / _941699 |
||
| 245 |
_aParticipacion de utilidades e investigación tecnológica industrial : _bActividad industrial, actividad agrícola ganadera, pequeñas empresas, asignación utilidades ley 11672 / |
||
| 300 |
_a163 páginas ; _c23 cm. |
||
| 505 | _aContenido: Participación de utilidades -- Investigación tecnológica e industrial... | ||
| 650 |
_aEmpresas en el perú _941700 |
||
| 650 |
_aUtilidades _941701 |
||
| 650 |
_aSistemas de participación _941702 |
||
| 650 |
_aAcciones laborales _941703 |
||
| 942 |
_2ddc _cLIBROS |
||
| 945 |
_aAndy _d2019-05-23 |
||